00872 2200289 4500001002100000005001500021035002500036007000300061008004100064020002200105040001700127082001500144084002100159100002400180245008900204250001100293260003700304300004300341650004300384850001200427090002100439090002200460504003400482999002200516990002200538990002200560INLIS00000000002640020200510105415 a0010-031700000000510ta170327s2015 yoia g ind d a978-602-371-104-8 aYOPDYOGbind04222a371.36 aDEP 371.36 Wal S0 aWalfarianto,d1968-00aStrategi belajar mengajar :bpendidikan Pancasila dan kewarganegaraan /cWalfarianto aCet. 13 aYogyakarta :bLeutikaprio,c2015 avii, 206 halaman :bilustrasi ;c19 cm 4aMetode belajar--xPendidikan Pancasila aYOPDYOG aDEP 371.36 WAL s aCB-D.11 2015-2165 aBibliografi : halaman 187-190 aCB-D.11/2015-2165 aCB-D.11/2015-2165 aCB-D.11/2015-2165